000 01030nam a22001817a 4500
003 OSt
005 20251121144230.0
008 251121b |||||||| |||| 00| 0 eng d
040 _cDCL
082 _a၂၉၄.၃၈၂၃၅၂၂
130 _aတိပိဋက။
_pသုတ္တန္တပိဋက။
_pခုဒ္ဒကနိကာယ။
_tထေရဂါထာ၊
_lအဋ္ဌကထာ၊
_sနိဿယ။
245 _aထေရဂါထာ အဋ္ဌကထာနိဿယ ၊
_nပထမတွဲ /
_cအသျှင်ဇာဂရမထေရ်။
264 _aမန္တလေး ၊
_bမန္တလေးတောင်၊ပိဋကတ်တော် စာပုံနှိပ်တိုက်၊
_c၁၉၄၀။
300 _a၅၂၇ စာမျက်နှာ ၊
_c၂၅ စင်တီ။
650 _aထေရဂါထာ
_vအဋ္ဌကထာ နိဿယ။
700 _aဇာဂရမထေရ်၊ အသျှင်
942 _2ddc
_cSHORT TERM
_n0
999 _c2577
_d2577